| 000 | 00436nam a2200205Ia 4500 | ||
|---|---|---|---|
| 001 | 003859 | ||
| 003 | YMCAF | ||
| 005 | 20230512160236.0 | ||
| 008 | 100717s1971 ||||||||||||||||| ||und|d | ||
| 024 | _a3859 | ||
| 035 | _a3864 | ||
| 040 |
_aYMCAF _beng _cIN-KoLT |
||
| 041 | _aeng | ||
| 082 | _aPRI-AMO | ||
| 100 | _aAMOS S.W. | ||
| 245 | 0 | _aPRINCIPLES OF TRANSISTORS CIRCUITS | |
| 260 | _c1971 | ||
| 300 | _a310 | ||
| 942 |
_2ddc _cBK |
||
| 999 |
_c3059 _d3059 |
||